La educacion y el mundo moderno : una sana formacion mental para lograr un mundo feliz /
Guardado en:
| Autor Principal: | |
|---|---|
| Formato: | Libro |
| Publicado: |
Buenos Aires :
Los Libros Del Mirasol,
1963
|
| Materias: | |
| Etiquetas: |
Agregar Etiqueta
Sin Etiquetas, Sea el primero en etiquetar este registro!
|
| LEADER | 00652nam a22001935a 4500 | ||
|---|---|---|---|
| 001 | EHU.bham024397 | ||
| 003 | AR-BHAM | ||
| 005 | 20130507143626.0 | ||
| 008 | 130507s1963##################000#0#####d | ||
| 082 | 3 | 7 | |a 370.19 |
| 100 | 1 | |a Russell, Bertrand | |
| 245 | 1 | 0 | |a La educacion y el mundo moderno : |b una sana formacion mental para lograr un mundo feliz / |c Bertrand Russell |
| 260 | |a Buenos Aires : |b Los Libros Del Mirasol, |c 1963 | ||
| 300 | |a 195 p. | ||
| 653 | |a Donacion lejarraga | ||
| 653 | |a Educacion-desarrollo individual | ||
| 653 | |a Educacion-ensayos | ||
| 653 | |a Educacion-cultura | ||
| 859 | |a AR-BHAM |b BIB. HUMANIDADES - General |h 370.19 |i R911 |p 154.02 |t Ej.1 | ||
